Prosa y poesía /

Guardado en:
Autor Principal: Martí, José
Formato: Libro
Publicado: Buenos Aires : Kapelusz, 1968
Edición:4a. ed.
Series:Grandes Obras de la Literatura Universal
Materias:
Etiquetas: Agregar Etiqueta
Sin Etiquetas, Sea el primero en etiquetar este registro!
LEADER 00651nam a22002295a 4500
001 CEM.cems004182
005 20100920121031.0
008 130507s1968##################000#0#####d
003 CEMS
082 0 4 |a Cu868.4 
100 1 |a Martí, José 
245 1 0 |a Prosa y poesía /  |c José Martí 
250 |a 4a. ed. 
260 |a Buenos Aires :  |b Kapelusz,  |c 1968 
300 |a 394 p. 
490 0 |a Grandes Obras de la Literatura Universal 
653 |a Literatura 
653 |a Literatura hispanoamericana 
653 |a Literatura cubana 
653 |a Cuentos 
653 |a Cuento cubano-siglo 20 
859 |a CEMS  |b BIB. CEMS - 11 de abril  |h Cu868.4  |i M36a4  |p 8525.80  |t Ej.1